Lipoprotein structure

Αποθηκεύτηκε σε:
Λεπτομέρειες βιβλιογραφικής εγγραφής
Συλλογικό Έργο: New York Academy of Sciences, Conference on Lipoprotein Structure
Άλλοι συγγραφείς: Scanu, Angelo M., 1924- (Επιμελητής έκδοσης), Landsberger, Frank R., 1943- (Επιμελητής έκδοσης)
Μορφή: Πρακτικό Συνεδρίου Βιβλίο
Γλώσσα:English
Δημοσίευση: New York : New York Academy of Sciences, 1980
Σειρά:Annals of the New York Academy of Sciences ; ; 348
Θέματα:
Ετικέτες: Προσθήκη ετικέτας
Δεν υπάρχουν, Καταχωρήστε ετικέτα πρώτοι!

MARC

LEADER 00000cam a2200000 i 4500
001 1/7378
008 000621s1980 eng d
020 |a 0897660838 
035 |l 10062262 
040 |a GR-MY-UA  |b gre  |e aacr 
041 0 |a eng 
082 0 |a 572.68 
245 1 0 |a Lipoprotein structure /  |c edited by Angelo M. Scanu and Frank R. Landsberger 
260 |a New York :   |b New York Academy of Sciences,   |c 1980 
300 |a 436 p.  |b ill. 
490 1 |a Annals of the New York Academy of Sciences  |v ; 348 
500 |a "This series of papers is the result of a conference entitled Conference on Lipoprotein Structure, held by the New York Academy of Sciences on September 10-12, 1979." 
504 |a Includes index 
650 0 0 |a Lipoproteins  |x Congresses. 
650 0 0 |a Lipoproteins  |x Analysis  |x Congresses. 
700 1 |a Scanu, Angelo M.,   |d 1924-  |4 edt 
700 1 |a Landsberger, Frank R.,   |d 1943-  |4 edt 
710 2 |a New York Academy of Sciences. 
711 2 |a Conference on Lipoprotein Structure  |d (1979:  |c New York) 
830 0 |a Annals of the New York Academy of Sciences ;  |v ; 348 
852 |a INST  |b LESVOS  |e 20000621  |h 572.68 LIP  |p 005100023736  |q 005100023736  |t BK  |y 0 
909 |a Λ  |b 072981 
970 |z 2000/06/ΟΙΚΟΝΟΜΟΠΟΥΛΟΥ ΧΡΙΣΤΙΝΑ